Magic the Gathering Planeswalkers - Statistics

General Stats
  • This quiz has been taken 74 times
    72 since last reset
  • The average score is 33 of 68
Answer Stats
Hint Main Colors Answer % Correct
Flame of Kaladesh R Chandra Nalaar
94%
Phantom Mage U Jace Beleren
89%
Steadfast Leonin W Ajani Goldmane
87%
The Silver Golem Colorless Karn
85%
Master Necromancer B Liliana Vess
85%
Human Warrior, died and "reborn" on Theros W Elspeth Tirel
83%
The Worldwaker G Nissa Revane
83%
The horniest planeswalker in the multiverse U/B/R Nicol Bolas
77%
Apex predator G Garruk Wildspeaker
74%
The Spirit Dragon Colorless Ugin
74%
Deadly Golgari gorgon B/G Vraska
74%
Vampire Sangromancer B Sorin Markov
72%
Master of time U Teferi
72%
Died during the War of the Spark W Gideon Jura
66%
Archenemy of Yagmoth W/U Urza
66%
Way too OP for 3 mana U/G Oko
64%
Human that became a demon B Ob Nixilis
62%
The Moon Sage U Tamiyo
62%
Nameless, can't control her spark W The Wanderer
62%
8-year old fateshifter W/U/B Aminatou
60%
Dominaria Pyromancer R Jaya Ballard
60%
Powerful lithomancer from Zendikar W/R Nahiri
60%
Guildmaster of the Izzet League U/R Ral Zarek
60%
The Dragonspeaker R Sarkhan Vol
60%
Dryad, bind herself to treefolk in symbiosis G Wrenn
60%
Ninja U/B Kaito Shizuki
57%
Ghost assassin W/B Kaya
57%
Master of the planar bridge U Tezzeret
57%
Pirate Minotaur B/R Angrath
55%
Werewolf R/G Arlinn Kord
55%
Nightmare Mage U/B Ashiok
55%
Likes big creatures of the sea U/G Kiora
53%
Vedalken artificer W/U Dovin Baan
51%
Half-devil, half-human R Tibalt
51%
Panther, one of the 9 titans B/R/G Lord Windgrace
49%
Master of martial arts with a thirst for knowledge U Narset
49%
Summons spirit creatures with her Arkbow G Vivien Reid
47%
Wizard, son of the high king U Will Kenrith
47%
Insect swarm B/G Grist
45%
Dinosaur rider W Huatli
43%
Animal bonder R Lukka
43%
Wizad, daughter of the high king R Rowan Kenrith
43%
Made her own realm full of angels W Serra
43%
Greatest thief in the multiverse U/R Dack Fayden
40%
Goblin artificer R Daretti
40%
Vandalizing Shaman of Ravnica R/G Domri Rade
40%
Tturned into "Phage the Untouchable" R Jeska
38%
Young warrior from Amonkhet R/G Samut
38%
Shadowmage, contractor of demons B Davriel Cane
30%
Half-elf from Dominaria G Freyalise
30%
A Vulshok from Mirrodin R Koth of the Hammer
30%
Sand Mage from Amonkhet W Basri Ket
28%
Summons mirror shards W/U Niko Aris
28%
Human shieldmage W Teyo
28%
Elf, brother of the elven king in Kaldheim G Tyvar Kell
28%
The Reveler, became a god but still died G/R Xenagos
28%
Has a dog named Mowu G Jiang Yanggu
26%
"Shadow Slayer" W/U/B Dakkon Blackblade
23%
Created by Klothys W/G Calix
19%
Enchantress, hides behind masks W/U/G Estrid
19%
Artificer on Kaladesh U/R Saheeli Rai
19%
Demonic female octopus W/U/B/R Geyadrone Dihada
17%
Warrior Mage W/U/B/R/G Jared Carthalion
17%
Hydromancer capable of flight U Mu Yanling
17%
Serpent-like, one of the 9 titans B Tevesh Szat
17%
Master of transmutation U/G Kasmina
15%
Gave his life and spark to save another planeswalker W/U Venser
15%
Always rides a dragon U/B Sivitri Scarzam
11%
No matching quizzes found
Score Distribution
Percent of People with Each Score
Percentile by Number Answered
Your Score History
You have not taken this quiz since the last reset